Statistiques concernant Groupes de choses - Sport

Cliquez ici pour prendre le quiz!

Statistiques générales

  • Ce quiz a été pris 44 098 fois
    (21 748 depuis la dernière actualisation)
  • Le résultat moyen est 29 sur 46

Statistiques - réponses

IndiceRéponse% Correct
Les clubs de football milanaisAC Milan
93%
Joueurs de football récompensés par au moins trois Ballons d'OrLionel Messi
93%
Cristiano Ronaldo
92%
Techniques de nage normalisées à des fins compétitives
Brasse
91%
Papillon
90%
Crawl
89%
Roland-Garros
89%
Nations vainqueurs de la Coupe du monde de rugbyNouvelle-Zélande
87%
Inter Milan
85%
Objets utilisés lors des lancers en athléltismeJavelot
85%
Poids
84%
Paris
83%
Dos Crawlé
82%
Afrique du Sud
81%
Angleterre
79%
Le tir à la carabine
75%
Lewis Hamilton
75%
Wimbledon
75%
Les disciplines du BiathlonLe ski de fond
74%
Les clubs de basketball de Los Angeles en NBALos Angeles {Lakers}
74%
Australie
73%
Disque
73%
Gardien
71%
Villes ayant organisé les Jeux Olympiques d'été au moins deux foisLondres
69%
Marteau
65%
Max Verstappen
64%
US Open
64%
Les postes dans une équipe de handballPivot
62%
Les tournois du Grand Chelem au tennisOpen d'Australie
61%
Ailier
60%
Tokyo
57%
Michael Schumacher
54%
Athènes
52%
Michel Platini
48%
Los Angeles
44%
Los Angeles {Clippers}
42%
Alain Prost
37%
Sebastian Vettel
36%
Arrière
35%
Johan Cruyff
34%
Eddy Merckx
24%
Marco van Basten
24%
Bernard Hinault
23%
Demi-centre
22%
Cyclistes ayant remporté cinq fois le Tour de FranceJacques Anquetil
14%
Miguel Indurain
13%

Distribution des résultats

Percentile par nombre de réponses

% des personnes avec chaque résultat

Votre développement - résultats

Vous n’avez pas pris ce quiz depuis la dernière actualisation